| 000 | 00686cam a2200205 4500 | ||
|---|---|---|---|
| 001 | M84172 | ||
| 008 | 090401t1997 xxu||||| |||| 00| 0 eng d | ||
| 035 | _a(Sirsi) u78562 | ||
| 041 | _aeng | ||
| 050 | _a332.6324071 | ||
| 110 |
_aInvestment Property Forum _92112 |
||
| 245 | _aEducational research report executive summary : to establish the nature and content of the Investment Property Forum`s future educational activities. | ||
| 260 |
_aLondon _bInvestment Property Forum _c1997 |
||
| 300 | _a(5)p. ; 30cm. | ||
| 350 | _a0 | ||
| 650 | _aCAREERS, EDUCATION AND TRAINING | ||
| 690 | _aMANAGEMENT-BUSINESS MANAGEMENT-PROFESSIONAL PRACTICE | ||
| 942 | _n0 | ||
| 948 | _c28/05/1997 | ||
| 999 |
_c96462 _d96462 |
||